000 00637nmc a2200241 a 4500
003 AR-BaBNM
005 20251128211156.0
008 143020s2000 ||||||||||||||000 | spa||
020 _a84-493-0897-6
040 _cAR-BaBNM
100 1 _aBaudrit, Alain
245 1 0 _aEl tutor
_bprocesos de tutela entre alumnos
260 _aBarcelona
_bPaidós
_c2000
300 _a141 p.
490 0 _aPaidós educador
_vv. 154
504 _aContiene referencias bibliográficas p. 130-141
650 4 _aTUTORIA
650 4 _aRELACIONES ENTRE PARES
650 4 _aALUMNOS
650 4 _aAPRENDIZAJE ESCOLAR
942 _cBK
998 _craquel
999 _c18583
_d18583